00991nam a2200241 a 450000100100000000500170001000800410002704000250006808200200009310000340011324500810014725000110022826000440023930000200028359000750030365000280037865000310040670000450043704900090048295201180049195201230060999900170073200001717320240412074245.0100319s1997 dr 000 p spa d aDO-SdBNPbspacBNPHU aRD861.44bV164p1 aValerio, Fausto de Js.93780510aPara llegar a ti /cFausto de Js Valerio ; prólogo Bonny Guillén Beltre. a2a ed. aSanto Domingo :bJochy Impresos,c1997. a38 p. ;c22 cm. aPerteneció a la biblioteca personal de Juan Isidro Jimenes Grullón 0aPoesía dominicana966 0aLiteratura dominicana.9671 aGuillén Beltre, Bonny,epról.937806 aBNPD 0010718PDaPDbPDcCTd2010-03-19iLF1l0oRD861.44 V164pp17173-10r2020-06-25w2020-06-25yLFPDZNo se presta 0010718PDaPDbPDcCTd2010-03-19iLF1l0oRD861.44 V164pp17173-20r2020-06-25te.2w2020-06-25yLFPDZNo se presta c16699d16699